000 00230nam a2200097Ia 4500
005 20251222120158.0
008 251222s1900||||xx |||||||||||||| ||spa||
082 _aDVD0070/H79/2005
245 0 _aEl luchador:Cinderela Man
942 _cDVD
999 _c2313
_d2313